书目信息 |
| 题名: |
化学热力学
|
|
| 作者: | 卡拉别捷杨茨 著 ;余国琮 译 | |
| 分册: | 上册 | |
| 出版信息: | 北京 高等教育出版社 1955 |
|
| 页数: | 311页 | |
| 开本: | 20cm | |
| 丛书名: | ||
| 单 册: | ||
| 中图分类: | O642.1 | |
| 科图分类: | ||
| 主题词: | 物理化学 , 量子化学 | |
| 电子资源: | ||
| ISBN: | ||
| 000 | 00733nam0 2200241 450 | |
| 001 | 0640442625 | |
| 005 | 20060816085838.46 | |
| 010 | @dCNY1.54 | |
| 100 | @a20060718d1955 km y0chiy0120 ea | |
| 101 | 0 | @achi@crus |
| 102 | @aCN@b110000 | |
| 102 | @aCN@b110000 | |
| 200 | 1 | @a化学热力学@Ahua xue re li xue@h上册@f(苏)М·Х·卡拉别捷杨茨著@F(su)М·Х·ka la bie jie yang ci zhu@g余国琮等译@Gyu guo cong deng yi |
| 210 | @a北京@c高等教育出版社@d1955 | |
| 215 | @a311页@d20cm | |
| 300 | @a高等学校教学用书 | |
| 606 | 0 | @a物理化学 |
| 606 | 0 | @a量子化学 |
| 690 | @aO642.1@v3 | |
| 701 | 0 | @a卡拉别捷杨茨@Aka la bie jie yang ci@4著 |
| 702 | 0 | @a余国琮@Ayu guo cong@4译 |
| 801 | 0 | @aCN@bPFT@c20060816 |
| 905 | @a10447@dO642.1@e44:1 | |
| 化学热力学.上册/(苏)М·Х·卡拉别捷杨茨著/余国琮等译.-北京:高等教育出版社,1955 |
| 311页;20cm |
| 高等学校教学用书 |
| ISBN :CNY1.54 |
| ● |
| 相关链接 |
|
|
|
|
正题名:化学热力学
索取号:O642.1/44:1
 
预约/预借
| 序号 | 登录号 | 条形码 | 馆藏地/架位号 | 状态 | 备注 |
| 1 | 0433943 | 204339439 | 密集书库/ [索取号:O642.1/44:1] | 在馆 | |
| 2 | 0433944 | 204339448 | 密集书库/ [索取号:O642.1/44:1] | 在馆 | |
| 3 | 0434050 | 204340506 | 密集书库/ [索取号:O642.1/44:1] | 在馆 | |
| 4 | 0461739 | 204617398 | 密集书库/ [索取号:O642.1/44:1] | 在馆 |